000 00559nam a22001937a 4500
999 _c9761
_d9761
003 GBCCL
005 20241126110718.0
008 230712b ||||| |||| 00| 0 eng d
020 _a9780310243601
040 _cgbc
082 _a225.77
_bZON
100 _aKlink, Edward W, III
_d1975-
_916241
245 _aJohn /
_cEdward W Klink, III
260 _aGrand Rapids :
_bZondervan,
_c2016
300 _a970pages
440 _aZondervan exegetical commentary on the New Testament
_vv.4
_916958
650 _aBible
_vN.T.
_xCommentaries
_916951
942 _2ddc
_cREF